000 00829nam a2200229Ii 4500
003 JO-AjNU
008 230605s9999||||xx |||||||||||||| ||und||
017 _a1999/10832
020 _a977-01-6374-0
040 _aJO-AjNU
_bara
_erda
_cJO-AjNU
041 _aara
050 1 4 _aBC177 .D4212 .1999
100 3 _aبونو، ادوارد دو؛ ترجمة محمد، ايهاب؛ مراجعة عطا،السيد,
_eauthor
_937240
245 0 0 _aالتفكير العملي = Practical Thinking
264 3 1 _aالقاهرة:الهيئة المصرية العامة للكتاب ،1999
300 _a183ص
336 _atext
_btxt
_2rdacontent
337 _aunmediated
_bn
_2rdamedia
338 _avolume
_bnc
_2rdacarrier
490 0 _aسلسلة مشروع الالف كتاب الثاني
650 4 _aالتفكير
_937241
999 _aA15542
_c19110
_d19110